| 000 | 00813nam0a22002531 4500 | ||
|---|---|---|---|
| 001 | rc\2237530 | ||
| 005 | 20250623014244.0 | ||
| 035 | _a(NLR Aleph) 006514735 | ||
| 090 |
_a6367256 _c6367256 |
||
| 100 | _a20110829d1978 |||y0rusy50 ca | ||
| 101 | 0 | _arus | |
| 102 | _aRU | ||
| 105 | _aa z ||||| | ||
| 200 | 1 |
_aЭстетика современной мебели _fА.Н. Черепахина, к. арх. |
|
| 210 |
_aМосква _cЛесная пром-сть _d1978 |
||
| 215 |
_a255 с. _cил. _d20 |
||
| 320 | _aБиблиогр.: с. 248-254 (115 назв.) | ||
| 606 |
_aМебель _xЭстетика _2psbo |
||
| 700 | 1 |
_aЧерепахина _bА.Н. _gАнна Николаевна |
|
| 801 | 0 |
_aRU _bNLR _gpsbo |
|
| 801 | 1 |
_aRU _bELAR _2rusmarc |
|
| 852 |
_aNLR _j78-3/10635 |
||
| 942 | _cBOOK | ||
| 980 | _aNB | ||